| 000 | 00765nam a2200241Ia 4500 | ||
|---|---|---|---|
| 005 | 20241129104146.0 | ||
| 008 | 241129s9999||||xx |||||||||||||| ||und|| | ||
| 020 | _a9783662629420 | ||
| 037 | _aTextual | ||
| 040 |
_aRTL _beng _cRTL |
||
| 041 |
_aeng _2eng |
||
| 084 |
_aX:77-54.1 R1 _qRTL |
||
| 100 |
_aFarmer Karl; Schelnast Matthias _9725034 |
||
| 245 | 0 |
_aGrowth and international trade: Anintroduction to the overlapping generations approach _cFarmer Karl; Schelnast Matthias |
|
| 250 | _a2nd | ||
| 260 |
_aGermany _bSpringer _c2021 |
||
| 300 | _axxi,588p. | ||
| 365 |
_aINR _b7991.11 |
||
| 490 | _aSpringer Texts in Business and Economics | ||
| 650 | _aInternational Trade | ||
| 942 |
_cTB _hX:77-54.1 R1 |
||
| 999 |
_c1224669 _d1224669 |
||